Presenze in Champions League - Morte improvvisa - Statistics

Statistiche generali
  • Questo quiz è stato fatto 396 volte
  • Il punteggio medio è 3 su 10
Answers on the Grid
Answers color-coded by a green-red scale on the quiz's grid according to % correct below.
Cristiano Ronaldo
Iker Casillas
Thomas Müller
Lionel Messi
Xavi
Luka Modrić
Karim Benzema
Manuel Neuer
Ryan Giggs
Toni Kroos
Paolo Maldini
Gianluigi Buffon
Zlatan Ibrahimović
Xabi Alonso
Pepe
Fernandinho
Thierry Henry
Philipp Lahm
David Beckham
Petr Čech
Patrice Evra
Ashley Cole
Frank Lampard
Marquinhos
Javier Zanetti
Marcelo
Koke
Alessandro Nesta
Edwin Van Der Sar
Cesc Fàbregas
 
Statistiche sulle risposte
Risposta % Corretto
Cristiano Ronaldo
45%
Lionel Messi
41%
Luka Modrić
32%
Iker Casillas
28%
Toni Kroos
28%
Manuel Neuer
27%
Karim Benzema
22%
Thomas Müller
21%
Xavi
19%
Ryan Giggs
9%
Nessun quiz corrispondente trovato
Distribuzione punteggi
Percentuale di utenti per punteggio
Percentile per numero di risposta
I tuoi punteggi nel tempo
Non hai fatto questo quiz